Revista social : boletín de la Delegación Regional del Ministerio de Trabajo, Comercio e Industria en Cataluña y de las Comisiones Mixtas del Trabajo en el comercio de Barcelona boletín de la Delegación Regional del Ministerio de Trabajo, Comercio e Industria en Cataluña y de las Comisiones Mixtas del Trabajo en el comercio de Barcelona
Publicado:
Barcelona :
Comisión Mixta de Publicaciones de los Organismos Paritarios de Cataluña ,
1926
Descripción Física:
v. ; periodicitat: trimestral ; 25 cm
MARC
| LEADER | 00000nas a2200000 a 4500 | ||
|---|---|---|---|
| 001 | 13452-13459 | ||
| 003 | AGDB | ||
| 005 | 20260324181507.0 | ||
| 008 | 160829s9999 xx 000 0 cat d | ||
| 008 | 160829s9999 xx 000 0 cat d | ||
| 040 | |a agdb |b cat | ||
| 245 | |a Revista social : |b boletín de la Delegación Regional del Ministerio de Trabajo, Comercio e Industria en Cataluña y de las Comisiones Mixtas del Trabajo en el comercio de Barcelona | ||
| 260 | |a Barcelona : |b Comisión Mixta de Publicaciones de los Organismos Paritarios de Cataluña ; |c [1926-1930] | ||
| 300 | |a v. ; |b periodicitat: trimestral ; |c 25 cm | ||
| 310 | |a Trimestral | ||
| 362 | |a Vol. 1, año 1, no. 1 (abr./jun. 1926)- | ||
| 500 | |a Suplement: "Revista social. Suplemento mensual". | ||
| 501 | |a Conté legislació i jurisprudència. | ||
| 504 | |a Bibliografia. | ||
| 590 | |a Descripció basada en: Vol. 4, año 3, no. 8 (enero/marzo 1928). | ||
| 650 | 0 | |a Dret del treball |v Revistes |9 11564 | |
| 650 | 0 | |a Treball |v Revistes |9 19057 | |
| 650 | 0 | |a Treball |x Catalunya |x Revistes |2 Arxiu |9 22944 | |
| 650 | 0 | |a Comissions mixtes del treball |x Barcelona |x Revistes |2 Arxiu |9 22942 | |
| 650 | 0 | |a Comitès paritaris de Catalunya |x Revistes |2 Arxiu |9 22943 | |
| 655 | 0 | |a Revistes |9 55823 | |
| 710 | |a Espanya. Ministerio de Trabajo, Comercio e Industria |9 71831 | ||
| 710 | |a Comisión Mixta de Publicaciones de los Organismos Paritarios de Cataluña |9 71833 | ||
| 866 | |a Any 3, 1928 (Vol. 4, núm. 8-9) - (Vol. 5, núm. 10-11 + índex) | ||
| 866 | |a Any 4, 1929 (Vol. 6, núm. 12-13) - (Vol. 7, núm. 14) | ||
| 901 | |a Arxiu | ||
| 942 | |n 1 |2 udc |c REV | ||
| 952 | |0 0 |1 0 |4 0 |6 REV2355 |7 1 |9 45350 |a Arxiu |b Arxiu |d 2016-12-01 |h Vol. 4, núm. 8 (gener, febrer, març 1928) |l 0 |o Rev-2355 |p 13452 |r 2016-12-01 00:00:00 |w 2016-12-01 |y ARXIU | ||
| 952 | |0 0 |1 0 |4 0 |6 REV2355 |7 1 |9 97606 |a Arxiu |b Arxiu |d 2024-12-11 |h Vol. 4, núm. 9 (abril, maig, juny 1928) |l 0 |o Rev-2355 |p 13453 |r 2024-12-11 00:00:00 |w 2024-12-11 |y ARXIU | ||
| 952 | |0 0 |1 0 |4 0 |6 REV2356 |7 1 |9 97607 |a Arxiu |b Arxiu |d 2024-12-11 |h Vol. 5, núm. 10 (juliol, agost, setembre 1928) |l 0 |o Rev-2356 |p 13454 |r 2024-12-11 00:00:00 |w 2024-12-11 |y ARXIU | ||
| 952 | |0 0 |1 0 |4 0 |6 REV2356 |7 1 |9 97608 |a Arxiu |b Arxiu |d 2024-12-11 |h Vol. 5, núm. 11 (octubre, novembre, desembre 1928) |l 0 |o Rev-2356 |p 13455 |r 2024-12-11 00:00:00 |w 2024-12-11 |y ARXIU | ||
| 952 | |0 0 |1 0 |4 0 |6 REV2356 |7 1 |9 97609 |a Arxiu |b Arxiu |d 2024-12-11 |h Vol. 5, índex (1928) |l 0 |o Rev-2356 |p 13456 |r 2024-12-11 00:00:00 |w 2024-12-11 |y ARXIU | ||
| 952 | |0 0 |1 0 |4 0 |6 REV2357 |7 1 |9 97611 |a Arxiu |b Arxiu |d 2024-12-11 |h Vol. 6, núm. 12 (gener, febrer, març 1929) |l 0 |o Rev-2357 |p 13457 |r 2024-12-11 00:00:00 |w 2024-12-11 |y ARXIU | ||
| 952 | |0 0 |1 0 |4 0 |6 REV2357 |7 1 |9 97612 |a Arxiu |b Arxiu |d 2024-12-11 |h Vol. 6, núm. 13 (abril, maig, juny 1929) |l 0 |o Rev-2357 |p 13458 |r 2024-12-11 00:00:00 |w 2024-12-11 |y ARXIU | ||
| 952 | |0 0 |1 0 |4 0 |6 REV2358 |7 1 |9 97613 |a Arxiu |b Arxiu |d 2024-12-11 |h Vol. 7, núm. 14 (juliol, agost, setembre 1929) |l 0 |o Rev-2358 |p 13459 |r 2024-12-11 00:00:00 |w 2024-12-11 |y ARXIU | ||
| 999 | |c 48424 |d 48424 | ||